Vetranie divadelných priestorov s aplikáciou rekuperačnej jednotky
Salvato in:
| Autore principale: | |
|---|---|
| Altri autori: | |
| Natura: | Manoscritto Libro |
| Lingua: | slovacco |
| Pubblicazione: |
2018
|
| Soggetti: | |
| Accesso online: | http://is.stuba.sk/zp/portal_zp.pl?podrobnosti=138274 https://opac.crzp.sk/?fn=detailBiblioForm&sid=EEE57057A47611A7EA77C44E9AC3 |
| Tags: |
Nessun Tag, puoi essere il primo ad aggiungerne!!
|
MARC
| LEADER | 00000ntm a22000003a 4500 | ||
|---|---|---|---|
| 001 | stuzp68730 | ||
| 003 | SK-STU | ||
| 005 | 20230628123111.1 | ||
| 007 | ta | ||
| 008 | 150427s2015----xo-----f-mn---000-0-slo-d | ||
| 040 | |a STU |b slo | ||
| 041 | 0 | |a slo | |
| 100 | 1 | |a Papanová, Monika |u 010290 |4 aut |U SvF Stavebná fakulta |T SvF Katedra technických zariadení budov |X 54527 |U V290 |Y 31 |7 54527 | |
| 242 | 0 | 1 | |a Ventilation of a theater with an application of regeneration unit |y eng |
| 245 | 1 | 0 | |a Vetranie divadelných priestorov s aplikáciou rekuperačnej jednotky |
| 260 | |c 2018 | ||
| 650 | 4 | |a vetranie |2 slo | |
| 650 | 4 | |a klimatizácia |2 slo | |
| 650 | 4 | |a divadlo |2 slo | |
| 650 | 4 | |a čiastočná klimatizácia |2 slo | |
| 650 | 4 | |a rekuperácia |2 slo | |
| 650 | 4 | |a ventilation |2 eng | |
| 650 | 4 | |a regeneration unit |2 eng | |
| 650 | 4 | |a theater |2 eng | |
| 650 | 4 | |a air conditioning |2 eng | |
| 700 | 1 | |a Hurtíková, Daniela |u 010290 |k Z8 |4 ths |U SvF Stavebná fakulta |T SvF Katedra technických zariadení budov |X 23437 |U V290 |Y 31 |7 A000023437 | |
| 856 | 4 | |u http://is.stuba.sk/zp/portal_zp.pl?podrobnosti=138274 | |
| 856 | 4 | |u https://opac.crzp.sk/?fn=detailBiblioForm&sid=EEE57057A47611A7EA77C44E9AC3 | |